|
|
|
|
| LEADER |
00000cam a22000004a 4500 |
| 001 |
musev2_85570 |
| 003 |
MdBmJHUP |
| 005 |
20230905052805.0 |
| 006 |
m o d |
| 007 |
cr||||||||nn|n |
| 008 |
201118s2021 nyu o 00 0 eng d |
| 010 |
|
|
|z 2020051008
|
| 020 |
|
|
|a 9781501759109
|
| 020 |
|
|
|z 9781501759116
|
| 020 |
|
|
|z 9781501759093
|
| 035 |
|
|
|a (OCoLC)1226073707
|
| 040 |
|
|
|a MdBmJHUP
|c MdBmJHUP
|
| 100 |
1 |
|
|a Doder, Dusko,
|e author.
|
| 245 |
1 |
4 |
|a The Inconvenient Journalist :
|b A Memoir /
|c Dusko Doder with Louise Branson
|
| 264 |
|
1 |
|a Ithaca [New York]
|b Cornell University Press
|c 2021
|
| 264 |
|
3 |
|a Baltimore, Md. :
|b Project MUSE,
|c 2021
|
| 264 |
|
4 |
|c ©2021
|
| 300 |
|
|
|a 1 online resource (272 pages).
|
| 336 |
|
|
|a text
|b txt
|2 rdacontent
|
| 337 |
|
|
|a computer
|b c
|2 rdamedia
|
| 338 |
|
|
|a online resource
|b cr
|2 rdacarrier
|
| 505 |
0 |
|
|a Prologue: the assassination -- The story that died -- Rookie reporter in Cold War Moscow -- Evading the KGB to make contacts -- Hired by the Washington Post -- Perils covering my native Yugoslavia -- Back at a paper changed by Watergate -- Post Moscow correspondent at last -- Covering Russia's KGB Tsar -- The price for breaking a rule of journalism -- Love changes everything -- Reluctant intelligence reporter -- Casey's revenge -- Seeking a new life in China -- A reckoning in Yugoslavia -- Assassination by Time magazine -- Epilogue: dogs bark
|
| 520 |
|
|
|a "A memoir of how Washington Post journalist Dusko Doder reported from Cold War Moscow and elsewhere; then how he fought back against an attempt to retaliate for that reporting"--
|c Provided by publisher
|
| 588 |
|
|
|a Description based on print version record.
|
| 600 |
1 |
0 |
|a Doder, Dusko.
|
| 650 |
|
7 |
|a Foreign correspondents
|2 fast
|0 (OCoLC)fst00931759
|
| 650 |
|
0 |
|a Foreign correspondents
|z Soviet Union.
|
| 650 |
|
0 |
|a Cold War
|v Personal narratives.
|
| 650 |
|
0 |
|a Foreign correspondents
|z United States
|v Biography.
|
| 651 |
|
7 |
|a United States
|2 fast
|0 (OCoLC)fst01204155
|
| 651 |
|
7 |
|a Soviet Union
|2 fast
|0 (OCoLC)fst01210281
|
| 655 |
|
7 |
|a Autobiographies.
|2 lcgft
|
| 655 |
|
7 |
|a Personal narratives
|2 fast
|0 (OCoLC)fst01423843
|
| 655 |
|
7 |
|a Biographies
|2 fast
|0 (OCoLC)fst01919896
|
| 655 |
|
7 |
|a Autobiographies
|2 fast
|0 (OCoLC)fst01919894
|
| 655 |
|
7 |
|a Electronic books.
|2 local
|
| 700 |
1 |
|
|a Branson, Louise,
|e author.
|
| 710 |
2 |
|
|a Project Muse.
|e distributor
|
| 830 |
|
0 |
|a Book collections on Project MUSE.
|
| 856 |
4 |
0 |
|z Texto completo
|u https://projectmuse.uam.elogim.com/book/85570/
|
| 945 |
|
|
|a Project MUSE - Custom Collection
|
| 945 |
|
|
|a Project MUSE - 2021 Complete
|
| 945 |
|
|
|a Project MUSE - 2021 History
|
| 945 |
|
|
|a Project MUSE - 2021 Russian and East European Studies
|